Geography Quiz

Random Geography or Asia Quiz

Most Populous Country of Asia per Letter Minefield Quiz Stats

Quiz Updated Mar 30, 2016

Score 0/20 Timer 06:00
23 Plays Today
Letter Country % Correct
C???
89.9%
I???
82.1%
J???
67.6%
R???
53%
Y???
50.3%
P???
48.6%
V???
48.6%
Q???
48.4%
B???
46.4%
O???
45.6%
Letter Country % Correct
A???
35.5%
K???
31.5%
L???
30.2%
S???
29.8%
U???
29.1%
T???
28.8%
G???
26.7%
M???
22.1%
N???
20.3%
Mines???
9.3%

You're not logged in!

Compare scores with friends on all Sporcle quizzes.
Sign Up with Email
OR
Log In

Show Comments

Extras

Top Quizzes Today


Score Distribution

Your Account Isn't Verified!

In order to create a playlist on Sporcle, you need to verify the email address you used during registration. Go to your Sporcle Settings to finish the process.